Plantation commodities:A stock taking (Record no. 65113)

MARC details
000 -LEADER
fixed length control field 00357nam a2200157Ia 4500
245 #0 - TITLE STATEMENT
Title Plantation commodities:A stock taking
260 ## - PUBLICATION, DISTRIBUTION, ETC. (IMPRINT)
Name of publisher Planters Chronicle
Year of publication 2013
300 ## - PHYSICAL DESCRIPTION
Number of Pages Jun-31
650 ## - SUBJECT ADDED ENTRY--TOPICAL TERM
Topical Term Coffee
650 ## - SUBJECT ADDED ENTRY--TOPICAL TERM
Topical Term Pepper
650 ## - SUBJECT ADDED ENTRY--TOPICAL TERM
Topical Term Rubber
650 ## - SUBJECT ADDED ENTRY--TOPICAL TERM
Topical Term Spices
650 ## - SUBJECT ADDED ENTRY--TOPICAL TERM
Topical Term Tea
942 ## - ADDED ENTRY ELEMENTS (KOHA)
Koha item type Journals
Holdings
Withdrawn status Lost status Damaged status Not for loan Home library Current library Date acquired Serial Enumeration / chronology Koha item type
      Journals RRII Library RRII Library 06/03/2014 Volume 109, Issue 7 Journals